Peníze v rukou státu jak vláda zničila naše peníze

Gespeichert in:
Bibliographische Detailangaben
1. Verfasser: Rothbard, Murray N.
Format: Buch
Sprache:Tschechisch
Veröffentlicht: Praha Liberální institut 2001
Schlagworte:
Tags: Tag hinzufügen
Keine Tags, Fügen Sie das erste Tag hinzu!

MARC

LEADER 00000nam a2200000 4500
001 c132643
005 20221124104727.3
020 |a 80-86389-12-X 
041 0 |a cze 
044 |a CZ 
245 1 0 |a Peníze v rukou státu  |b jak vláda zničila naše peníze  |c Murray N. Rothbard 
264 1 |a Praha  |b Liberální institut  |c 2001 
300 |a 144 s. 
610 2 0 |a peniaze 
610 2 0 |a bankovníctvo 
610 2 0 |a banky centrálne 
610 2 0 |a vláda 
610 2 0 |a inflácia 
610 2 0 |a mince 
610 2 0 |a štandard zlatý 
610 2 0 |a mena 
610 2 0 |a systém menový 
610 2 0 |a EMS 
610 2 0 |a Európska centrálna banka 
100 1 |a Rothbard, Murray N.